• Civilización cristiana

di Topical Term

Records bibliografici associati: 1

001 - CONTROL NUMBER

  • control field: 51673

003 - CONTROL NUMBER IDENTIFIER

  • control field: IT-RoINE

005 - DATE AND TIME OF LATEST TRANSACTION

  • control field: 20180716104637.0

008 - FIXED-LENGTH DATA ELEMENTS

  • fixed length control field: 180716|| aca||aabn | a|a d

040 ## - CATALOGING SOURCE

  • Original cataloging agency: IT-RoINE
  • Transcribing agency: IT-RoINE

150 ## - HEADING--TOPICAL TERM

  • Topical term or geographic name as entry element: Civilización cristiana
  • General subdivision: Historia

670 ## - SOURCE DATA FOUND

  • Source citation: Work cat.: (IT-RoINE)0: Schnürer, Gustav, 1860-1941 ‎ 51672, La Iglesia y la civilización occidental en la Edad Media /, 1955.